000 00301nam a22001457a 4500
008 210310b ||||| |||| 00| 0 eng d
020 _a2901285437421
041 _aeng
080 _26th
_a32
082 _26th
_a32
100 _a21
101 _aSHP
245 _aGOVT
_cSidlow ,E
942 _2udc
_cBK
999 _c56110
_d56110